| 000 | 00830nam a22001337a 4500 | ||
|---|---|---|---|
| 040 | _cRUA | ||
| 082 | _aVTF SAO 2011 B113 Or.1 | ||
| 100 | _aSAO, SETHEANY. | ||
| 245 | _aStudy on growth rate of CP-AVIAN broiler by using soy bean by- product in concentrate feed and CP HI-GRO feed at royal university of agriculture, សិក្សាលើការលូតលាស់របស់មាន់សាច់ពូជCP-AVIAN ដោយប្រើចំណីផ្សំដែលមានកាកសណ្ដែកសៀង និង ចំណី CP HI-GRO នៅសាកលវិទ្យាល័យភូមិន្ទកសិកម្ម | ||
| 260 |
_aPhnom Penh _bRUA _c2011 |
||
| 300 |
_aix; 33p. _bill. _c29cm. |
||
| 856 | _uhttps://drive.google.com/file/d/151RdpDdzb6Y2vKBgxVUT6DMwH_pk_4W7/view?usp=sharing | ||
| 942 | _cVTF` | ||
| 999 |
_c2742 _d2742 |
||